Simulácia výroby elektrickej energie z OZE na základe štatistických mapových dát

Salvato in:
Dettagli Bibliografici
Autore principale: Shmelev, Pavel (Autore)
Altri autori: Világi, František (Relatore della tesi)
Natura: Manoscritto Libro
Lingua:slovacco
Pubblicazione: 2025
Soggetti:
Accesso online:http://is.stuba.sk/zp/portal_zp.pl?podrobnosti=184709
Tags: Aggiungi Tag
Nessun Tag, puoi essere il primo ad aggiungerne!!

MARC

LEADER 00000ntm a22000003a 4500
001 stuzp104118
003 SK-STU
005 20250621210256.5
007 ta
008 150427s2015----xo-----f-mn---000-0-slo-d
040 |a STU  |b slo 
041 0 |a slo 
100 1 |a Shmelev, Pavel  |u 020060  |k Z4  |4 aut  |U SjF Strojnícka fakulta  |T SjF Ústav energetických strojov a zariadení  |X 128161  |U J0060  |Y 805  |7 128161 
242 0 1 |a Simulation of electricity generation from RES based on statistical map data  |y eng 
245 1 0 |a Simulácia výroby elektrickej energie z OZE na základe štatistických mapových dát 
260 |c 2025 
650 4 |a Solárne žiarenie  |2 slo 
650 4 |a Inštalovaný výkon  |2 slo 
650 4 |a Programovanie  |2 slo 
650 4 |a Geopriestorová analýza  |2 slo 
650 4 |a SaaS  |2 slo 
650 4 |a Výroba elektrickej energie  |2 slo 
650 4 |a Fotovoltické systémy  |2 slo 
650 4 |a Google BigQuery  |2 slo 
650 4 |a CARTO  |2 slo 
650 4 |a SQL  |2 slo 
650 4 |a Špecifická výdatnosť  |2 slo 
650 4 |a GIS  |2 slo 
650 4 |a Cloudové počítanie  |2 slo 
650 4 |a Photovoltaic systems  |2 eng 
650 4 |a SQL  |2 eng 
650 4 |a Google BigQuery  |2 eng 
650 4 |a Geospatial analysis  |2 eng 
650 4 |a Solar radiation  |2 eng 
650 4 |a GIS  |2 eng 
650 4 |a SaaS  |2 eng 
650 4 |a Installed capacity  |2 eng 
650 4 |a Cloud Computing  |2 eng 
650 4 |a Energy yield  |2 eng 
650 4 |a Specific yield  |2 eng 
650 4 |a CARTO  |2 eng 
650 4 |a Programming  |2 eng 
700 1 |a Világi, František  |u 020060  |k Z1  |4 ths  |U SjF Strojnícka fakulta  |T SjF Ústav energetických strojov a zariadení  |X 68944  |U J0060  |Y 805  |7 A000068944 
856 4 |u http://is.stuba.sk/zp/portal_zp.pl?podrobnosti=184709